000 00459nam a22001817a 4500
008 210115b xxu||||| |||| 00| 0 eng d
020 _a999331580X
082 _a425/T829s
100 _aThapa, Shiba
245 _aSymphony an english course
260 _aKathmandu:
_bEkta Books,
_c2005
300 _a156p.:ill.
650 _aEnglish language
650 _aEnglish grammar
700 _aSharma, Anand
700 _aGyawali, Laxman
942 _2ddc
_cISBN
999 _c97662
_d97651